Books of the Bible - Statistics

General Stats
  • This quiz has been taken 2,916 times
  • The average score is 28 of 66
Answer Stats
Answer % Correct
Genesis
96%
Exodus
89%
John
88%
Leviticus
80%
Luke
80%
Matthew
80%
Numbers
78%
Mark
77%
Psalms
74%
Deuteronomy
70%
Revelation
63%
Ruth
63%
Job
60%
Acts
58%
Proverbs
58%
Joshua
57%
1 Kings
56%
2 Kings
56%
Romans
56%
Judges
55%
1 Samuel
51%
2 Samuel
51%
1 Corinthians
46%
1 John
45%
Esther
45%
2 Corinthians
44%
2 John
44%
1 Chronicles
40%
2 Chronicles
40%
Isaiah
39%
3 John
38%
Ezra
37%
Daniel
34%
Ecclesiastes
33%
Ephesians
33%
Ezekiel
33%
Jeremiah
33%
1 Peter
32%
Nehemiah
32%
Song of Solomon
32%
2 Peter
31%
Galatians
31%
James
31%
Jude
31%
Philippians
30%
Jonah
28%
Amos
27%
Lamentations
27%
Malachi
27%
Hebrews
25%
Micah
25%
Obadiah
25%
1 Timothy
24%
2 Timothy
23%
Colossians
23%
Titus
23%
Habakkuk
22%
Hosea
22%
Joel
22%
1 Thessalonians
20%
2 Thessalonians
19%
Nahum
18%
Zechariah
18%
Haggai
17%
Philemon
17%
Zephaniah
16%
No matching quizzes found
Score Distribution
Percent of People with Each Score
Percentile by Number Answered
Your Score History
You have not taken this quiz